| 000 | 00760nam a22002417a 4500 | ||
|---|---|---|---|
| 999 |
_c31405 _d31402 |
||
| 001 | 20600303 | ||
| 003 | OSt | ||
| 005 | 20190226105314.0 | ||
| 008 | 190226b ||||| |||| 00| 0 eng d | ||
| 020 | _a9789966028808 | ||
| 040 |
_aMMU _beng _eMMU _cMMU |
||
| 042 |
_alcode _apcc |
||
| 050 | 0 | 0 |
_aPN4726 _b.M88 2018 |
| 100 | 1 |
_aMutahi, Wahome, _eauthor. |
|
| 245 | 1 | 0 |
_aBest of whispers : _bpolitics, family and society / _cWahome Mutahi. |
| 264 | 1 |
_aNairobi, Kenya : _bTwaweza Communications Limited, _c[2018] |
|
| 300 |
_a218 pages : _billustrations ; _c21 cm |
||
| 336 |
_atext _btxt _2rdacontent |
||
| 337 |
_aunmediated _bn _2rdamedia |
||
| 338 |
_avolume _bnc _2rdacarrier |
||
| 650 | 0 |
_aNewspapers _xSections, columns, etc. _xFiction. |
|
| 942 |
_2lcc _cLOAN LOAN |
||